01766nam a2200301Ia 4500952011300000952011300113952011700226999001700343005001700360008004100377020001800418050002100436100002700457245004000484250001700524260004300541300004000584504017500624505039100799519008301190650002401273650002301297650002201320700002901342700004301371700004301414942000701457 00104070a08b08d2012-06-04l23m2oHM1033 K19 2010p08 001285r2023-11-09s2023-11-09t1w2012-07-20yLB 00104070a08b08d2012-06-04l33m3oHM1033 K19 2010p08 001289r2023-11-09s2023-11-09t2w2012-07-20yLB 00102lcc4070a20b20d2015-09-24l7m6oHM1033 K37 2010p20 002621r2025-05-07s2025-04-28t1w2015-09-24yLB c83035d8303520231102151352.0120721s2010 mx 000 0 spa d a9786074812466 aHM1033bK37 2010 aKassin, Saule , autor aPsicología socialc / Saul Kassin a7a edición aMéxicob : Cengage Learningc , 2010 axxv ; 545 páginasb: il. ; 27 cm. aIncluye: Dedicatoria Prefacio Acerca de los autores Contenido breve Tabla de contenido Glosario Referencias (R1-R81) Créditos Índice onomástico Índice analítico aIntroducción La investigación en psicología social Percepción social El "yo social" Los procesos de la percepción Estereotipos, prejuicios y discriminación Influencia social Actitudes Conformidad Procesos grupales Relaciones sociales Atracción y relaciones estrechas Por qué ayudamos a los demás Agresión Aplicación de la psicología social Derecho Negocios Salud aEducación Mixta / bPaicología / cPoder y autoridad (B16( / d(20 002621) 0aPSICOLOGÍA SOCIAL 0aRELACIONES HUMANAS 0aÉTICA Y VALORES aSteven, Feine , coautor aMadrigal Muñiz, Oscar e , traductor aNúñez Ramos, Antonioe , traductor cLB